Prekvapujúco najlepší Žonta Turné štyroch mostíkov: Pettersen už Hannawalda nenapodobní

Bibliographic Details
Format: Article
Language:Slovak
ISSN:0139-7001
Subjects:

MARC

LEADER 00000nab a2200000 a 4500
001 vtls000858906
003 SK-MaSNL
005 20260302170937.0
008 180205c2004 xo 0 slo
015 |a SNBRB2004/01-01368 
035 |a CLN000210550 
040 |a SNKBUCL  |b slo  |c SNKBUCL  |e AACR2 
041 0 |a slo 
044 |a xo  |c SK 
080 |a 796.925.093.1  |2 UDC-MRF-SK2 
245 0 0 |a Prekvapujúco najlepší Žonta  |b Turné štyroch mostíkov: Pettersen už Hannawalda nenapodobní 
611 1 7 |a Turné štyroch mostíkov  |d 2003  |c Innsbruck, Rakúsko  |2 snkbucl  |9 865949 
650 0 7 |a lyžovanie  |x skoky  |2 snkbucl  |9 842961 
655 7 |a články z novín a časopisov  |2 snkbucl  |9 267496 
773 0 |x 0139-7001  |t Šport  |g Roč. 58, č. 3 (5.1.2004), s. 5 
850 |a Slovenská národná knižnica v Martine 
852 |a SNK  |b KIS3GCP 
958 |a RBX 
999 |c 1394159  |d 1396089